Сборник заданий для проверки сформированности компетенций в соответствии с профессиональным стандартом 08.036 «Специалист по работе с инвестиционными проектами»: практикум
В практикуме представлены тесты, кейсы, практические задания и ситуационные задачи, которые позволяют проверить сформированность профессиональных компетенций будущих специалистов по работе с инвестиционными проектами. Издание предназначено для студентов бакалавриата и магистратуры направлений подгот...
Guardat en:
| Autor principal: | |
|---|---|
| Altres autors: | , |
| Format: | Книга |
| Idioma: | Russian |
| Publicat: |
Екатеринбург
УрГЭУ
2024
|
| Accés en línia: | https://e.lanbook.com/book/481610 https://e.lanbook.com/img/cover/book/481610.jpg |
| Etiquetes: |
Afegir etiqueta
Sense etiquetes, Sigues el primer a etiquetar aquest registre!
|
| LEADER | 02569nam0a2200289 i 4500 | ||
|---|---|---|---|
| 001 | 481610 | ||
| 003 | RuSpLAN | ||
| 005 | 20250425123932.0 | ||
| 008 | 250425s2024 ru gs 000 0 rus | ||
| 040 | |a RuSpLAN | ||
| 041 | 0 | |a rus | |
| 044 | |a ru | ||
| 080 | |a 330.322(075) | ||
| 084 | |a 65.263я73 |2 rubbk | ||
| 245 | 0 | 0 | |a Сборник заданий для проверки сформированности компетенций в соответствии с профессиональным стандартом 08.036 «Специалист по работе с инвестиционными проектами»: практикум |c Савченко Я. В.,Раменская Л. А.,Арбенина Т. И. |
| 260 | |a Екатеринбург |b УрГЭУ |c 2024 | ||
| 300 | |a 175 с. | ||
| 504 | |a Библиогр.: доступна в карточке книги, на сайте ЭБС Лань | ||
| 520 | 8 | |a В практикуме представлены тесты, кейсы, практические задания и ситуационные задачи, которые позволяют проверить сформированность профессиональных компетенций будущих специалистов по работе с инвестиционными проектами. Издание предназначено для студентов бакалавриата и магистратуры направлений подготовки «Экономика» и «Менеджмент» всех форм обучения, обучающихся по образовательным программам, разработанным на основе профессионального стандарта 08.036 «Специалист по работе с инвестиционными проектами». Также практикум может быть использован руководителями подразделений и организаций в ходе проверки знаний и навыков молодых специалистов при приеме на работу. | |
| 521 | 8 | |a Книга из коллекции УрГЭУ - Экономика и менеджмент | |
| 521 | 8 | |a СЭБ | |
| 100 | 1 | |a Савченко Я. В. | |
| 700 | 1 | |a Раменская Л. А. | |
| 700 | 1 | |a Арбенина Т. И. | |
| 856 | 4 | |u https://e.lanbook.com/book/481610 | |
| 856 | 4 | 8 | |u https://e.lanbook.com/img/cover/book/481610.jpg |
| 953 | |a https://e.lanbook.com/img/cover/book/481610.jpg | ||